00713nam a2200217Ia 4500003000900000008004100009020001800050040001600068080001500084100002500099245009800124260004200222300001500264650002600279650003200305650001900337650001900356942000700375999001500382952009800397IN-BaIIA211028s9999 xx 000 0 eng d a0-13-844720-9 cIIA Library a620.1bMOR aMorrow, H. W.913686 0aStatics and strength of materialscH. W. Morrow  aEnglewood CliffsbPrentice-Hallc1981 axiv, 514p. aFluid mechanics91513 aMechanical properties95370 aNASA thesaurus aStatics913687 cBK c8130d8130 00104070aBANbBANcGENd1985-03-13l0o620.1/ MORp8968r2021-11-05w1985-03-13yBK 28.95